Music Quiz

Random Music or Artist Quiz

1 Album, 3 Songs #11 (Clips) Quiz Stats

 Plays Quiz not verified by Sporcle

Challenge
Share
Tweet
Score 0/60 Timer 13:00
0 Plays Today
Hint Answer % Correct
Album SixCOLDPLAY
92.8%
Album EightTHE BEATLES
92%
Album OneKINGS OF LEON
87%
Album SixClocks
83.8%
Album FourTHE JIMI HENDRIX EXPERIENCE
81.7%
Album OneUse Somebody
81.3%
Album ThreeLove Shack
81.3%
Album OneSex On Fire
80.7%
Album ThreeTHE B-52's
78.2%
Album FourAll Along The Watchtower
75.3%
Album FiveCELINE DION
70.3%
Album TwoBILLY JOEL
70%
Album SixThe Scientist
67.6%
Album TenTHE WEEKND
65.4%
Album TwoOnly The Good Die Young
55.1%
Album TenCan't Feel My Face
55.1%
Album TwoJust The Way You Are
53.9%
Album EightDrive My Car
53.1%
Album EightNowhere Man
50.2%
Album EightIn My Life
49.2%
Album NineTHE GO-GO'S
47.6%
Album Eight'Rubber Soul'
47.3%
Album NineWe Got The Beat
47.3%
Album ElevenHOOTIE & THE BLOWFISH
45.3%
Album NineOur Lips Are Sealed
45.2%
Album Six'A Rush Of Blood To The Head'
45%
Album TwoMovin' Out (Anthony's Song)
43.1%
Album ElevenOnly Wanna Be With You
40.4%
Album SevenYES
40.1%
Album TwelveELVIS COSTELLO
38.8%
Hint Answer % Correct
Album FourVoodoo Chile (Slight Return)
37.2%
Album FiveRiver Deep, Mountain High
37.2%
Album FiveBecause You Loved Me
35.7%
Album TenThe Hills
34.9%
Album FiveIt's All Coming Back To Me Now
34.8%
Album SevenRoundabout
33.4%
Album FourCrosstown Traffic
30.6%
Album ThreeRoam
29%
Album Four'Electric Ladyland'
28.5%
Album SixIn My Place
28.1%
Album ElevenLet Her Cry
27.2%
Album TwelvePump It Up
26.3%
Album Two'The Stranger'
24.3%
Album TenEarned It
23.5%
Album One'Only By The Night'
20.3%
Album ElevenHold My Hand
19.9%
Album Eleven'Cracked Rear View'
17.2%
Album TwelveRadio, Radio
14.1%
Album OneNotion
12.8%
Album Twelve(I Don't Want To Go To) Chelsea
12.6%
Album Ten'Beauty Behind The Madness'
12.2%
Album Three'Cosmic Thing'
11.8%
Album Seven'Fragile'
11.2%
Album Nine'Beauty And The Beat'
10.3%
Album SevenLong Distance Runaround
9.9%
Album Twelve'This Year's Model'
9.9%
Album Five'Falling Into You'
6.7%
Album SevenHeart Of The Sunrise
5.7%
Album ThreeChannel Z
5.1%
Album NineAutomatic
2%

You're not logged in!

Compare scores with friends on all Sporcle quizzes.
OR
Log In

You Might Also Like...

Show Comments

Extras

Top Quizzes Today


Score Distribution

Your Account Isn't Verified!

In order to create a playlist on Sporcle, you need to verify the email address you used during registration. Go to your Sporcle Settings to finish the process.

Report this User

Report this user for behavior that violates our Community Guidelines.

Details: